<?xml version="1.0" encoding="UTF-8"?>
<record
    xmlns:xsi="http://www.w3.org/2001/XMLSchema-instance"
    xsi:schemaLocation="http://www.loc.gov/MARC21/slim http://www.loc.gov/standards/marcxml/schema/MARC21slim.xsd"
    xmlns="http://www.loc.gov/MARC21/slim">

  <leader>00973nam a2200205 i 4500</leader>
  <controlfield tag="001">85519</controlfield>
  <controlfield tag="003">ES-MaACL</controlfield>
  <controlfield tag="005">20250522202343.0</controlfield>
  <controlfield tag="007">t|</controlfield>
  <controlfield tag="008">041128s1967    sp           ||||1| spa d</controlfield>
  <datafield tag="110" ind1="0" ind2=" ">
    <subfield code="a">Espa&#xF1;a. </subfield>
    <subfield code="b">Direcci&#xF3;n General de los Registros y del Notariado.</subfield>
    <subfield code="9">3751</subfield>
  </datafield>
  <datafield tag="245" ind1="1" ind2="0">
    <subfield code="a">Jurisprudencia registral </subfield>
    <subfield code="b">: colecci&#xF3;n de resoluciones de la Direcci&#xF3;n General de los Registros y del Notariado referente a los Registros de la Propiedad y Mercantil, recopiladas, ordenadas y completadas con &#xED;ndices para facilitar su manejo (a&#xF1;os 1862-1963). </subfield>
    <subfield code="n">IX,A&#xF1;os 1951 a 1963. </subfield>
    <subfield code="n">X, </subfield>
    <subfield code="p">&#xCD;ndices / </subfield>
    <subfield code="c">R.M&#xAA; Roca Sastre y J. de Molina Juyol.</subfield>
  </datafield>
  <datafield tag="260" ind1=" " ind2=" ">
    <subfield code="a">Barcelona : </subfield>
    <subfield code="b">Bosch, </subfield>
    <subfield code="c">1967.</subfield>
  </datafield>
  <datafield tag="300" ind1=" " ind2=" ">
    <subfield code="a">2 v. ; </subfield>
    <subfield code="c">24 cm.</subfield>
  </datafield>
  <datafield tag="650" ind1=" " ind2="4">
    <subfield code="a">Registro de la propiedad-</subfield>
    <subfield code="z">Espa&#xF1;a-</subfield>
    <subfield code="v">Jurisprudencia.</subfield>
    <subfield code="9">16763</subfield>
  </datafield>
  <datafield tag="700" ind1="1" ind2=" ">
    <subfield code="a">Roca Sastre, Ram&#xF3;n Mar&#xED;a, </subfield>
    <subfield code="d">1899-1979</subfield>
    <subfield code="9">98011</subfield>
  </datafield>
  <datafield tag="700" ind1="1" ind2=" ">
    <subfield code="a">Molina Juyol, J. de.</subfield>
    <subfield code="9">81944</subfield>
  </datafield>
  <datafield tag="852" ind1=" " ind2=" ">
    <subfield code="a">ES-MaACL</subfield>
    <subfield code="j">P-370 </subfield>
    <subfield code="b">R.63559</subfield>
  </datafield>
  <datafield tag="999" ind1=" " ind2=" ">
    <subfield code="c">85519</subfield>
    <subfield code="d">85519</subfield>
  </datafield>
  <datafield tag="952" ind1=" " ind2=" ">
    <subfield code="0">0</subfield>
    <subfield code="1">0</subfield>
    <subfield code="4">0</subfield>
    <subfield code="7">0</subfield>
    <subfield code="a">ATENEOM</subfield>
    <subfield code="b">ATENEOM</subfield>
    <subfield code="c">DEPO2</subfield>
    <subfield code="d">2008-01-17</subfield>
    <subfield code="e">SC</subfield>
    <subfield code="l">0</subfield>
    <subfield code="o">P-370</subfield>
    <subfield code="p">1089362</subfield>
    <subfield code="r">2023-02-23 00:00:00</subfield>
    <subfield code="w">2023-02-23</subfield>
    <subfield code="y">MONOGRAFIA</subfield>
  </datafield>
</record>
